Catálogo

El milagro de las rosas / (Registro nro. 34925)

Detalles MARC
000 -LEADER
fixed length control field 01033cam a2200313 i 4500
001 - CONTROL NUMBER
control field 34925
003 - CONTROL NUMBER IDENTIFIER
control field Mx-PuUPA
005 - DATE AND TIME OF LATEST TRANSACTION
control field 20241015090804.0
008 - FIXED-LENGTH DATA ELEMENTS--GENERAL INFORMATION
fixed length control field 140415s1969 mx gr 000 0 spa d
040 ## - CATALOGING SOURCE
Original cataloging agency Mx-PuUPA
Language of cataloging spa
Transcribing agency Mx-PuUPA
Modifying agency Mx-PuUPA
Description conventions rda
041 0# - LANGUAGE CODE
Language code of text/sound track or separate title spa
100 1# - MAIN ENTRY--PERSONAL NAME
Personal name Junco, Alfonso,
Dates associated with a name 1896-1975
9 (RLIN) 3146
Relator term autor
245 13 - TITLE STATEMENT
Title El milagro de las rosas /
Statement of responsibility, etc. Alfonso Junco
250 ## - EDITION STATEMENT
Edition statement Tercera edición
264 #1 - PRODUCTION, PUBLICATION, DISTRIBUTION, MANUFACTURE, AND COPYRIGHT NOTICE
Place of production, publication, distribution, manufacture México D. F. :
Name of producer, publisher, distributor, manufacturer Editorial JUS,
Date of production, publication, distribution, manufacture, or copyright notice 1969
300 ## - PHYSICAL DESCRIPTION
Extent 144 páginas ;
Dimensions 24 cm
336 ## - CONTENT TYPE
Fuente rdacontent
Content type term texto
Content type code txt
337 ## - MEDIA TYPE
Source rdamedia
Media type term sin medio
Media type code n
338 ## - CARRIER TYPE
Source rdacarrier
Carrier type term volumen
Carrier type code nc
490 0# - SERIES STATEMENT
Series statement Colección México Heroico ;
600 04 - SUBJECT ADDED ENTRY--PERSONAL NAME
Personal name Virgen de Guadalupe
General subdivision Apariciones y milagros
600 04 - SUBJECT ADDED ENTRY--PERSONAL NAME
Personal name María,
Title of a work Virgen Santa
General subdivision Apariciones y milagros
Geographic subdivision México
650 #7 - SUBJECT ADDED ENTRY--TOPICAL TERM
Source of heading or term armarc
Topical term or geographic name entry element Historia de la Iglesia
Geographic subdivision México
General subdivision
651 #4 - SUBJECT ADDED ENTRY--GEOGRAPHIC NAME
Geographic name México
General subdivision Historia eclesiástica
942 ## - ADDED ENTRY ELEMENTS (KOHA)
Source of classification or shelving scheme Dewey Decimal Classification
Koha item type Libro
Classification part 232.917
Item part J952
Existencias
Withdrawn status Lost status Source of classification or shelving scheme Damaged status Not for loan Collection code Home library Current library Shelving location Date acquired Source of acquisition Total Checkouts Full call number Barcode Date last seen Copy number Price effective from Koha item type
    Dewey Decimal Classification     General Biblioteca Karol Wojtyla Biblioteca Karol Wojtyla Sala general 03/12/2013 Compra   232.917 J952 1969 52823 05/01/2026   03/12/2013 Libro
    Dewey Decimal Classification     General Centro de Estudios Guadalupanos Centro de Estudios Guadalupanos Sala general 03/12/2013 Compra   232.917 J952 1969 46346 05/01/2026 Ej.2 03/12/2013 Libro
    Dewey Decimal Classification     General Centro de Estudios Guadalupanos Centro de Estudios Guadalupanos Sala general 03/12/2013 Compra   232.917 J952 1969 46222 05/01/2026   03/12/2013 Libro